| 000 | 00460nam a2200157 4500 | ||
|---|---|---|---|
| 001 | 145330 | ||
| 003 | ES-MaACL | ||
| 005 | 20230906201217.0 | ||
| 007 | t| | ||
| 008 | 070214s1952 sp r ||||1| spa d | ||
| 100 | 1 |
_aSoriano Edo, Miguel. _9107391 |
|
| 245 | 1 | 0 |
_aPeriostitis deformans / _cMiguel Soriano Edo. |
| 260 |
_aMadrid : _bPaz Montalvo, _c1952 ( _fDiana Artes Gráficas) |
||
| 300 |
_a202 p. : _bil. ; _c25 cm. |
||
| 852 |
_aES-MaACL _jD-8441 _bR.33240 |
||
| 999 |
_c145330 _d145330 |
||